000 01107cam a22002534a 4500
001 11996737
005 20010522104104.0
008 000504s2001 njuab b 001 0 eng
010 _a 00034695
020 _a0130168297
040 _aDLC
_cDLC
_dDLC
050 0 0 _aG70.2
_b.C53 2001
100 1 _aClarke, Keith C.,
_d1955-
245 1 0 _aGetting started with geographic information systems /
_cKeith C. Clarke.
250 _a3rd ed.
260 _aUpper Saddle River, N.J. :
_bPrentice Hall,
_cc2001.
300 _axiii, 352 p. :
_bill., maps ;
_c25 cm.
_e+ 1 computer optical disc (4 3/4 in.)
440 0 _aPrentice Hall series in geographic information science
504 _aIncludes bibliographical references.
650 0 _aGeographic information systems.
942 _2lcc
_cBK
999 _c24646
_d24646